| 000 | 00873nam1a22002411i 4500 | ||
|---|---|---|---|
| 001 | rc\4545936 | ||
| 005 | 20240724174431.0 | ||
| 035 | _a(NLR Aleph) 008638213 | ||
| 090 |
_a8925614 _c8925614 |
||
| 100 | _a20130416d1965 |||y0rusy50 ca | ||
| 101 | 0 | _arus | |
| 102 | _aRU | ||
| 105 | _ay z ||||| | ||
| 200 | 1 |
_aУлицы, носящие бессмертные имена _eВып. 1- _fРесп. дет. экскурсионно-туристская станция М-ва просвещения ТАССР |
|
| 210 |
_aКазань _cТаткнигоиздат _d1965 |
||
| 215 | _d19 | ||
| 606 |
_aУлицы _yКазань _xИстория _2psbo |
||
| 607 |
_aКазань _xИстория _2psbo |
||
| 700 | 1 |
_aКарягин _bД.А. _gДмитрий Адрианович |
|
| 801 | 0 |
_aRU _bNLR _gpsbo |
|
| 801 | 1 |
_aRU _bELAR _2rusmarc |
|
| 852 |
_aNLR _j65-4/5699 |
||
| 942 | _cBOOK | ||